Top 10 des plus grands sportifs de l'histoire - Statistiques

Statistiques générales
  • Ce quiz a été pris 628 fois
  • Le résultat moyen est 6 sur 10
Statistiques - réponses
Rang Sportifs % Correct
2 Lionel Messi
87%
5 Michael Jordan
72%
6 Usain Bolt
66%
4 Lebron James
65%
10 Rafael Nadal
59%
3 Michael Phelps
52%
1 Novak Djokovic
51%
7 Mohammed Ali
46%
8 Teddy Riner
32%
9 Tom Brady
22%
Aucun quiz correspondant
Distribution des résultats
% des personnes avec chaque résultat
Percentile par nombre de réponses
Votre historique - résultats
Vous n’avez pas pris ce quiz